| 000 | 00441nab a2200145Ia 4500 | ||
|---|---|---|---|
| 003 | ES-SlBCS | ||
| 005 | 20210601125231.0 | ||
| 008 | 140529s1973 xxu||||| |||| 00| 0 eng d | ||
| 041 | _aeng | ||
| 100 | 1 |
_aLandesman, Charles _9155754 |
|
| 245 | 0 | 0 |
_aAbstract Particulars _c Charles Landesman |
| 650 | 0 | 4 |
_aParticular-Abstracto _9155755 |
| 773 | 0 |
_tPhilosophy and Phenomenological Research _gvol. 33, 1973, págs. 323-337 _wRev1411 |
|
| 942 | _cAR | ||
| 999 |
_c526952 _d526952 |
||